000 00903nam a2200241Ia 4500
001 15722
003 GE_BSU
008 181216s||||||||xx |||||||||||||| ||und||
040 _cGE_BSU
080 _a821.353.1-32 + 821.353.1-31
100 _aწულეისკირი, ნოდარ
245 _aდავით აღმაშენებლის ქვა
245 _bმოთხრობები და რომანი
245 _cრედ.ც.ჩხაიძე. მხატვ.სპ.ცინცაძე
250 _aI-ლი-მე-2 გამოცემა
260 _aთბილისი
260 _bნაკადული
260 _c1990
300 _a455 გვ. : ილ. ; 20 სმ
653 _aდავით აღმაშენებლის ქვა
653 _aმოთხრობები და რომანი
942 _cBK
999 _c48820
_d48820